000
00265nam a22001097a 4500
082
_a
808.831
_b
TIN
_c
L-01, P-48
245
_a
Puss in boots
260
_a
India
_b
Tiny Tot Pub
300
_b
ill.
_c
27 cm
526
_a
0
_b
0
_c
0
_d
808_831000000000000_TIN
942
_2
ddc
_c
BK
999
_c
550091
_d
550091